Statystyki dla Cypr - Dystrykty Cypru na mapie (podział administracyjny Cypru) - Mapa

Kliknij tutaj aby rozwiązać quiz!

Ogólne statystyki

  • Ten quiz został rozwiązany 66 razy
  • Średni wynik to 4 z 6

Odpowiedzi na mapie

Odpowiedzi skodowane kolorowo w zielono-czerwonej skali na mapie do tego quizu, zgodnie z poniższymi procentami.
 

Statystyki odpowiedzi

DystryktNazwa greckaNazwa tureckaStolica% Poprawnych
NikozjaΛευκωσίαLefkoşaNikozja
100%
LimassolΛεμεσόςLeymosunLimassol
60%
PafosΠάφοςBafPafos
60%
LarnakaΛάρνακαLarnakaLarnaka
57%
FamagustaΑμμόχωστοςGazimağusaFamagusta
53%
KireniaΚερύvειαGirneKirenia
40%

Rozkład punktacji

Percentyl według liczby udzielonych odpowiedzi

Procent ludzi z każdym wynikiem

Twoja historia wyników

Nie rozwiązałeś tego quizu